| 000 | 00825nam a2200217 i 4500 | ||
|---|---|---|---|
| 001 | 159571 | ||
| 003 | ES-MaACL | ||
| 005 | 20251009063058.0 | ||
| 008 | 990415s1850 sp |||| | spa d | ||
| 040 |
_aCCPB | B _bspa _cCCPB | B |
||
| 100 | 1 |
_aMichaud, Louis Gabriel, _d1773-1858 _9129894 |
|
| 245 | 1 | 0 |
_aHistoria de la vida publica y privada de Luis Felipe de Orleans, ex-rey de los franceses / _cpor Mr. Michaud ; traducida del francés. |
| 260 |
_aMadrid : _bImprenta y librería a cargo de D. V. del Valle, _c1850. |
||
| 300 |
_a436 p. ; _c22 cm. |
||
| 510 | 0 |
_aPalau, _ct. IX, 168122 |
|
| 600 | 0 | 4 |
_aLuis Felipe _bI _cRey de Francia. _974690 |
| 651 | 4 |
_aFrancia- _xHistoria- _y1830-1848, Luis Felipe _98696 |
|
| 852 |
_aES-MaACL _jG-8951 _z-- Enc. hol. |
||
| 999 |
_c159571 _d159571 |
||